00601 a2200157 4500003000500000038000600005082001200011100002100023245014600044260008200190300003800272500005000310563000600360700002000366856005700386NUST aa aBICSE-2 a M. Hassan Sajid aTo Deploy and configure A Comprehensive Network Monitoring and Analysis Solution for the NUST-SEECS Network [Project BICSE2]cM. Hassan Sajid a Islamabad,bNUST School of Electrical Engineering & Computer Science,c2008. a65 p.b: ill.c; 27 cm. +eCD-ROM aSupervisors : Mr. Ali Sajjad, Mr. Ali Haider. aa a Muhammad Awais uhttp://10.250.8.41:8080/xmlui/handle/123456789/10738